A NOBLE HERITAGE (Record no. 169198)
[ view plain ]
| 000 -LEADER | |
|---|---|
| fixed length control field | 00883nam a22002177a 4500 |
| 003 - CONTROL NUMBER IDENTIFIER | |
| control field | dpl |
| 005 - DATE AND TIME OF LATEST TRANSACTION | |
| control field | 20191107162832.0 |
| 008 - FIXED-LENGTH DATA ELEMENTS--GENERAL INFORMATION | |
| fixed length control field | 191107b ||||| |||| 00| 0 eng d |
| 010 ## - LIBRARY OF CONGRESS CONTROL NUMBER | |
| LC control number | B-130405 |
| 035 ## - SYSTEM CONTROL NUMBER | |
| System control number | B-130405 |
| 040 ## - CATALOGING SOURCE | |
| Transcribing agency | 0 |
| 100 ## - MAIN ENTRY--PERSONAL NAME | |
| Personal name | Jhaverchand, Meghani |
| Dates associated with a name | 2003 |
| 245 ## - TITLE STATEMENT | |
| Title | A NOBLE HERITAGE |
| Remainder of title | A collection of short stories based on the folklore of Saurashtra |
| Statement of responsibility, etc | JHAVERCHAND MEGHANI |
| Medium | english |
| 250 ## - EDITION STATEMENT | |
| Edition statement | first edition:2003 |
| 260 ## - PUBLICATION, DISTRIBUTION, ETC. (IMPRINT) | |
| Place of publication, distribution, etc | mumbai-400007 |
| Name of publisher, distributor, etc | S.Ramakrishnan , executive scretary, bharatiya vidya bhavan,kulapati munshi marg |
| Date of publication, distribution, etc | 2003 |
| 300 ## - PHYSICAL DESCRIPTION | |
| Extent | 114p. |
| Dimensions | 15cms |
| 500 ## - GENERAL NOTE | |
| General note | IIIustration and decorative sketches: Pratapsinh jadeja, <br/> Jagdeep smart |
| 501 ## - WITH NOTE | |
| With note | Cover sketch: Pratapsinh<br/>C over design :Jagdeep smart |
| 700 ## - ADDED ENTRY--PERSONAL NAME | |
| Personal name | S. RAMAKRISHNAN |
| Dates associated with a name | 2003 |
| 942 ## - ADDED ENTRY ELEMENTS (KOHA) | |
| Source of classification or shelving scheme | Dewey Decimal Classification |
| Koha item type | English Books |
| Classification part | S |
| Item part | MEG |
| Call number prefix | S |
| Call number suffix | MEG |
No items available.
